000 00313nam a22001217a 4500
020 _a978-81-259-3508-7
082 _a574
_bAGG/T
100 _aSARITA AGGARWAL
245 _aA TEXTBOOK OF BIOLOGY
_bCLASS XII
260 _aNOIDA
_bMADHUBUN EDUCATIONAL BOOKS
_c2010
650 _aBIOLOGY FOR CLASS XII
_zINDIA
942 _cBK
999 _c735
_d735